000 00918cam a22002414a 4500
020 _a007065994X
082 0 0 _a620.103
_bBEE
_cL-25, P-15
100 _aBeer ,P, Ferdinand, Johnnston, E. Russell
_940677
245 0 0 _aVector mechanics for engineers :
_bStatics and dynamics
_cBeer ,P, Ferdinand, Johnnston, E. Russell
250 _a8th ed.
260 _aNew Delhi :
_bTata McGraw-Hill
_cc2007.
300 _axxvii, 1326 p. :
_bcol. ill. ;
_c27 cm.
500 _aIncludes index.
500 _aRev. ed. of: Vector mechanics for engineers. statics and Dynamics. 7th ed. Boston : McGraw-Hill, c2004.
526 _a0
_b0
_c0
_d620_103000000000000_BEE
650 0 _aDynamics.
_97202
650 0 _aMCE
_9379
650 0 _aMechanics, Applied.
_913090
650 0 _aVector analysis.
_91184
700 1 _aBeer, Ferdinand Pierre,
_937595
856 4 1 _uhttp://www.loc.gov/catdir/toc/ecip0610/2006008102.html
942 _2ddc
_cBK
999 _c544929
_d544929